000 01173cgm a2200337 4500
001 E1967
008 090401t1994 xxu||||| |||| 00| 0 eng d
035 _a(Sirsi) u36640
041 _aeng
050 _a333.337
100 _aStansbury, Michael
245 _aTown centre management (sound recording).
260 _aLondon
_bRICS
_c1994
300 _a1 sound cassette (60 min.)
350 _a10.21
490 _aOwlion Audio Programme
520 _aMade in cooperation with the Association of Town Centre Management. The programme is a discourse on the concept, the roles of the Local Authority and the Town Centre Management Group, and insight into successful Town Cente Management and the financial realities.
650 _aAUDIO CASSETTES
650 _aLOCAL AUTHORITIES
650 _aProperty management
_96262
650 _aTOWN CENTRES
690 _aPLANNING LAW AND PRACTICE
700 _aChase, Martyn
700 _aFieldhouse, Peter
700 _aHollins, Chris
700 _aLewis, Clive
710 _aRoyal Institution of Chartered Surveyors
_94900
710 _aCollege of Estate Management
_9400
942 _n0
948 _c04/03/1997
999 _c85221
_d85221